[Event "Festival de Calviá 2016 - Aficionados"]
[Site "Calvia ESP"]
[Date "2016.10.15"]
[Round "8.10"]
[White "Grichkevitch, Gilles"]
[Black "Jekabsons, Ivars"]
[Result "0-1"]
[WhiteElo "2016"]
[BlackElo "2126"]
[PlyCount "72"]
[EventDate "2016.10.08"]
[EventType "swiss"]
[EventRounds "9"]
[EventCountry "ESP"]
[SourceTitle "Ajedrez en Madrid"]
[Source "lmi"]
[SourceDate "2016.10.08"]

1. e4 c5 2. Nf3 Nc6 3. d4 cxd4 4. Nxd4 g6 5. Nb3 Bg7 6. Nc3 Nf6 7. Be2 O-O 8.
Be3 b6 9. Qd2 Bb7 10. f4 d5 11. e5 Ne4 12. Nxe4 dxe4 13. O-O-O Bh6 14. Qc3 Qc7
15. Nd4 Rac8 16. Nb5 Qb8 17. Bg4 Rcd8 18. h4 Rxd1+ 19. Rxd1 Rd8 20. h5 Rxd1+
21. Bxd1 Qd8 22. g4 Qd5 23. Be2 Qxa2 24. g5 Bf8 25. Na3 e6 26. hxg6 hxg6 27.
Bc4 Qa1+ 28. Nb1 Qa5 29. Qxa5 Nxa5 30. Bf1 Nc6 31. Bg2 Ne7 32. Kd2 Nf5 33. Na3
Nxe3 34. Kxe3 Bc5+ 35. Ke2 Ba6+ 36. Ke1 Be3 0-1

[Event "Festival de Calviá 2016 - Aficionados"]
[Site "Calvia ESP"]
[Date "2016.10.15"]
[Round "8.12"]
[White "Schenk Papke, Andres"]
[Black "Galiana Moll, Ramon Aron"]
[Result "1-0"]
[WhiteElo "2095"]
[BlackElo "1995"]
[PlyCount "117"]
[EventDate "2016.10.08"]
[EventType "swiss"]
[EventRounds "9"]
[EventCountry "ESP"]
[SourceTitle "Ajedrez en Madrid"]
[Source "lmi"]
[SourceDate "2016.10.08"]

1. d4 d6 2. e4 Nf6 3. f3 Nbd7 4. Be3 e5 5. Ne2 Be7 6. c4 c6 7. Qd2 d5 8. exd5
cxd5 9. Nbc3 dxc4 10. O-O-O O-O 11. Ng3 exd4 12. Qxd4 Bc5 13. Qxc5 Nxc5 14.
Rxd8 Rxd8 15. Bxc5 Nd5 16. Bxc4 Be6 17. Bxd5 Bxd5 18. Rd1 Be6 19. Rxd8+ Rxd8
20. Bxa7 Ra8 21. Bd4 Bxa2 22. Nxa2 Rxa2 23. Kd2 Ra6 24. Nf5 f6 25. h4 Kf7 26.
g4 Rc6 27. h5 g6 28. hxg6+ hxg6 29. Ng3 Ke6 30. Ne2 f5 31. g5 Kf7 32. Nf4 Rc8
33. Kd3 Rc1 34. Kd2 Rc6 35. Ke3 Rc1 36. Nd3 Rg1 37. Bf6 Ke6 38. Nc5+ Kd5 39.
Nxb7 Re1+ 40. Kf4 Rh1 41. Nd8 Rh7 42. Ke3 Rd7 43. Kd3 Kc5+ 44. Kc3 Rd1 45. Ne6+
Kd6 46. Nd4 Kd5 47. Nc2 Kc6 48. Ne3 Rh1 49. Nc4 Kd5 50. Ne5 Rf1 51. Kb4 Kd6 52.
Kb5 Kc7 53. b4 Rf2 54. Kc5 Rf1 55. Kd5 Rd1+ 56. Ke6 Rd6+ 57. Kf7 Rb6 58. Be7
Rb5 59. Bc5 1-0

[Event "Festival de Calviá 2016 - Aficionados"]
[Site "Calvia ESP"]
[Date "2016.10.15"]
[Round "8.13"]
[White "Slovak, Pavel"]
[Black "Alemany Jara, Alejandro"]
[Result "0-1"]
[WhiteElo "2062"]
[BlackElo "1989"]
[PlyCount "58"]
[EventDate "2016.10.08"]
[EventType "swiss"]
[EventRounds "9"]
[EventCountry "ESP"]
[SourceTitle "Ajedrez en Madrid"]
[Source "lmi"]
[SourceDate "2016.10.08"]

1. e4 e6 2. d4 d5 3. Nd2 Nf6 4. e5 Nfd7 5. Bd3 c5 6. c3 Be7 7. Ne2 Nc6 8. O-O
O-O 9. Nf3 cxd4 10. cxd4 f6 11. exf6 Nxf6 12. Ng3 Bd6 13. Bg5 h6 14. Bxf6 Qxf6
15. Bb1 g6 16. Qd3 Ne7 17. Bc2 Nf5 18. Rfe1 Bd7 19. Ne5 Rad8 20. Re2 Bb5 21.
Ng4 Bxd3 22. Nxf6+ Rxf6 23. Bxd3 Nxd4 24. Rd2 e5 25. Rc1 e4 26. Bxe4 Bf4 27.
Rxd4 Bxc1 28. Bxd5+ Kg7 29. Ne4 Rf5 0-1

[Event "Festival de Calviá 2016 - Aficionados"]
[Site "Calvia ESP"]
[Date "2016.10.15"]
[Round "8.14"]
[White "Lazarte Anello, David Emiliano"]
[Black "Melderis, Uldis"]
[Result "1/2-1/2"]
[WhiteElo "2052"]
[BlackElo "1969"]
[PlyCount "52"]
[EventDate "2016.10.08"]
[EventType "swiss"]
[EventRounds "9"]
[EventCountry "ESP"]
[SourceTitle "Ajedrez en Madrid"]
[Source "lmi"]
[SourceDate "2016.10.08"]

1. d4 Nf6 2. Nc3 e6 3. Bg5 Be7 4. e3 Nd5 5. Bxe7 Qxe7 6. Nxd5 exd5 7. Qd2 d6 8.
Bd3 Nd7 9. Ne2 Nf6 10. O-O-O c6 11. Kb1 Bd7 12. Ng3 g6 13. f3 O-O-O 14. e4 Rhe8
15. exd5 Nxd5 16. Rhe1 Qf8 17. c4 Rxe1 18. Rxe1 Nc7 19. Qf4 f5 20. d5 c5 21.
Qd2 Re8 22. Rxe8+ Qxe8 23. Qe2 Qxe2 24. Nxe2 Kd8 25. Kc2 Ke7 26. Kd2 Kf6
1/2-1/2

[Event "Festival de Calviá 2016 - Aficionados"]
[Site "Calvia ESP"]
[Date "2016.10.15"]
[Round "8.15"]
[White "Fichtinger, Leopold"]
[Black "Guski, Dietmar"]
[Result "1/2-1/2"]
[WhiteElo "1951"]
[BlackElo "2034"]
[PlyCount "109"]
[EventDate "2016.10.08"]
[EventType "swiss"]
[EventRounds "9"]
[EventCountry "ESP"]
[SourceTitle "Ajedrez en Madrid"]
[Source "lmi"]
[SourceDate "2016.10.08"]

1. e4 c5 2. c3 e6 3. d4 d5 4. exd5 exd5 5. Nf3 Nc6 6. Bb5 Bd6 7. dxc5 Bxc5 8.
O-O Nge7 9. Nbd2 O-O 10. Nb3 Bb6 11. Nbd4 Bg4 12. Bxc6 bxc6 13. h3 Bh5 14. g4
Bg6 15. Bg5 f6 16. Ne6 Qd6 17. Nxf8 Qg3+ 18. Kh1 Qxh3+ 19. Nh2 Bc7 20. f4 Be4+
21. Rf3 fxg5 22. Ne6 Bxf4 23. Nxf4 gxf4 24. Qe2 Bxf3+ 25. Qxf3 Qxf3+ 26. Nxf3
Ng6 27. Re1 Rd8 28. b4 c5 29. bxc5 Rc8 30. Ng5 h6 31. Ne6 Nf8 32. Nxf4 g5 33.
Nxd5 Rxc5 34. Re5 Rc4 35. Re7 Ng6 36. Rxa7 Nf4 37. Nf6+ Kf8 38. Ra3 Ne2 39.
Nd7+ Ke7 40. Nb6 Rxg4 41. c4 Kd6 42. Rb3 Nd4 43. Rh3 Kc5 44. Rxh6 Nf3 45. Nd7+
Kxc4 46. Rc6+ Kd3 47. Rc1 Ke2 48. Rb1 Kf2 49. Rb2+ Kf1 50. Rb1+ Ne1 51. Kh2
Rg2+ 52. Kh3 Rxa2 53. Ne5 Ke2 54. Kg4 Ra4+ 55. Kxg5 1/2-1/2

[Event "Festival de Calviá 2016 - Aficionados"]
[Site "Calvia ESP"]
[Date "2016.10.15"]
[Round "8.16"]
[White "Cerdo Fernandez, Miguel"]
[Black "Tscharotschkin, Michael"]
[Result "0-1"]
[WhiteElo "1880"]
[BlackElo "2211"]
[PlyCount "61"]
[EventDate "2016.10.08"]
[EventType "swiss"]
[EventRounds "9"]
[EventCountry "ESP"]
[SourceTitle "Ajedrez en Madrid"]
[Source "lmi"]
[SourceDate "2016.10.08"]

1. e4 e6 2. d4 d5 3. Nc3 Bb4 4. e5 c5 5. a3 Bxc3+ 6. bxc3 Ne7 7. Bd3 Qa5 8. Bd2
c4 9. Be2 Bd7 10. f4 Ba4 11. Nf3 Nbc6 12. O-O O-O-O 13. Ng5 Rdf8 14. Bg4 Nd8
15. f5 h6 16. f6 gxf6 17. exf6 Nf5 18. Nf3 Nd6 19. Ne5 h5 20. Bh3 Ne4 21. Rb1
Be8 22. Qe2 Qa6 23. Qe3 Nc6 24. Be1 Nxe5 25. dxe5 Bc6 26. Bf2 Qxa3 27. Ra1 Qxc3
28. Qxa7 Nxf2 29. Rxf2 Qxe5 30. Ra5 Kd7 31. Rf1 0-1

[Event "Festival de Calviá 2016 - Aficionados"]
[Site "Calvia ESP"]
[Date "2016.10.15"]
[Round "8.17"]
[White "Reuker, Jari"]
[Black "Mut Company, Guillem"]
[Result "1-0"]
[WhiteElo "2269"]
[BlackElo "1980"]
[PlyCount "71"]
[EventDate "2016.10.08"]
[EventType "swiss"]
[EventRounds "9"]
[EventCountry "ESP"]
[SourceTitle "Ajedrez en Madrid"]
[Source "lmi"]
[SourceDate "2016.10.08"]

1. e4 c6 2. d4 d5 3. e5 c5 4. dxc5 Nc6 5. Nf3 Bg4 6. c3 e6 7. Be3 Nge7 8. Nbd2
g6 9. Be2 Bg7 10. O-O O-O 11. Bd4 Qc7 12. Re1 Bxf3 13. Nxf3 Nxe5 14. Nxe5 Bxe5
15. Bxe5 Qxe5 16. Rc1 Qc7 17. b4 a5 18. Qb3 Qc6 19. a3 axb4 20. axb4 Qa4 21.
Qb2 Qa2 22. Rc2 Qxb2 23. Rxb2 Ra3 24. c4 Rfa8 25. cxd5 Nxd5 26. Bf3 Rd3 27. Kf1
Ra4 28. b5 Rc4 29. Be2 Nf4 30. c6 b6 31. Ra1 Nxe2 32. Kxe2 Rd8 33. Ra6 Rb8 34.
Rba2 Rd4 35. c7 Rc8 36. Ra8 1-0

[Event "Festival de Calviá 2016 - Aficionados"]
[Site "Calvia ESP"]
[Date "2016.10.15"]
[Round "8.18"]
[White "Ruiz Vinals, Matias"]
[Black "Van Herck, Marcel"]
[Result "1-0"]
[WhiteElo "1983"]
[BlackElo "2182"]
[PlyCount "45"]
[EventDate "2016.10.08"]
[EventType "swiss"]
[EventRounds "9"]
[EventCountry "ESP"]
[SourceTitle "Ajedrez en Madrid"]
[Source "lmi"]
[SourceDate "2016.10.08"]

1. d4 Nf6 2. c4 e6 3. Nc3 Bb4 4. e3 Nc6 5. Nge2 d5 6. c5 e5 7. a3 Bxc3+ 8. Nxc3
O-O 9. Be2 a5 10. O-O h6 11. Nb5 Qe7 12. Bd2 Na7 13. Nxa7 Rxa7 14. b4 axb4 15.
axb4 Rxa1 16. Qxa1 e4 17. b5 b6 18. Qa7 Qd8 19. Rc1 Bg4 20. Bxg4 Nxg4 21. h3
Qh4 22. hxg4 f5 23. Qxc7 1-0

[Event "Festival de Calviá 2016 - Aficionados"]
[Site "Calvia ESP"]
[Date "2016.10.15"]
[Round "8.23"]
[White "Nettleton, Charlie B"]
[Black "Navarrete Terrasa, Sebastian"]
[Result "0-1"]
[WhiteElo "1939"]
[BlackElo "2009"]
[PlyCount "38"]
[EventDate "2016.10.08"]
[EventType "swiss"]
[EventRounds "9"]
[EventCountry "ESP"]
[SourceTitle "Ajedrez en Madrid"]
[Source "lmi"]
[SourceDate "2016.10.08"]

1. d4 Nf6 2. Bg5 Ne4 3. Bf4 c5 4. d5 e6 5. c4 Qf6 6. Qc1 Bd6 7. Nh3 Bxf4 8.
Nxf4 Nxf2 9. Kxf2 e5 10. g3 exf4 11. gxf4 O-O 12. Nc3 d6 13. h4 Re8 14. Qd2 Nd7
15. Rd1 Ne5 16. e4 Bg4 17. Rc1 Nf3 18. Qe3 Nxh4 19. Kg3 Nf5+ 0-1

[Event "Festival de Calviá 2016 - Aficionados"]
[Site "Calvia ESP"]
[Date "2016.10.15"]
[Round "8.27"]
[White "Fruebing, Thomas"]
[Black "Nicholson, John"]
[Result "1-0"]
[WhiteElo "2123"]
[BlackElo "1773"]
[PlyCount "41"]
[EventDate "2016.10.08"]
[EventType "swiss"]
[EventRounds "9"]
[EventCountry "ESP"]
[SourceTitle "Ajedrez en Madrid"]
[Source "lmi"]
[SourceDate "2016.10.08"]

1. e4 e6 2. d4 d5 3. Nc3 Be7 4. e5 c5 5. Qg4 Kf8 6. dxc5 Bxc5 7. Bd3 f5 8. Qg3
Nc6 9. Nf3 Nge7 10. O-O Ng6 11. Re1 Nb4 12. a3 Nxd3 13. cxd3 d4 14. Ne2 Kf7 15.
Ng5+ Ke8 16. b4 Bb6 17. Bb2 Nxe5 18. Qxe5 Qxg5 19. Bxd4 Bd8 20. Nf4 Kf7 21.
Nxe6 1-0

[Event "Festival de Calviá 2016 - Aficionados"]
[Site "Calvia ESP"]
[Date "2016.10.15"]
[Round "8.30"]
[White "Hajenius, Willem"]
[Black "Amengual Perello, Jordi"]
[Result "1-0"]
[WhiteElo "2002"]
[BlackElo "1393"]
[PlyCount "53"]
[EventDate "2016.10.08"]
[EventType "swiss"]
[EventRounds "9"]
[EventCountry "ESP"]
[SourceTitle "Ajedrez en Madrid"]
[Source "lmi"]
[SourceDate "2016.10.08"]

1. d4 d5 2. c4 e6 3. Nc3 Nf6 4. cxd5 Nxd5 5. e4 Nxc3 6. bxc3 Be7 7. Nf3 b6 8.
Bd3 Bb7 9. O-O Nd7 10. Qe2 a5 11. Rd1 O-O 12. Bf4 f5 13. exf5 exf5 14. Re1 Ba3
15. Ng5 Bd5 16. Ne6 Bxe6 17. Qxe6+ Kh8 18. Rad1 Nf6 19. Qxf5 Qd5 20. Be5 Qg8
21. Re3 Nd5 22. Bxg7+ Qxg7 23. Qxd5 Bd6 24. Rde1 Rad8 25. Qh5 Rg8 26. g3 Bf4
27. Re7 1-0

[Event "Festival de Calviá 2016 - Aficionados"]
[Site "Calvia ESP"]
[Date "2016.10.15"]
[Round "8.37"]
[White "Driessen Llado, Pedro"]
[Black "Kaminski, Robert"]
[Result "1-0"]
[WhiteElo "1647"]
[BlackElo "2012"]
[PlyCount "47"]
[EventDate "2016.10.08"]
[EventType "swiss"]
[EventRounds "9"]
[EventCountry "ESP"]
[SourceTitle "Ajedrez en Madrid"]
[Source "lmi"]
[SourceDate "2016.10.08"]

1. d4 Nf6 2. c4 e5 3. dxe5 Ng4 4. Bf4 Bb4+ 5. Nc3 Nc6 6. Nf3 Bxc3+ 7. bxc3 Qe7
8. Qd5 f6 9. exf6 Nxf6 10. Qd3 d6 11. e3 O-O 12. Be2 Ne4 13. O-O g5 14. Bg3 h5
15. h3 Nxg3 16. fxg3 Bf5 17. Qd2 Rae8 18. Nd4 Nxd4 19. cxd4 Qxe3+ 20. Qxe3 Rxe3
21. Bxh5 Rxg3 22. Rf3 Rxf3 23. Bxf3 Bxh3 24. Bd5+ 1-0

[Event "Festival de Calviá 2016 - Aficionados"]
[Site "Calvia ESP"]
[Date "2016.10.15"]
[Round "8.38"]
[White "Molet, Asher"]
[Black "Kamm, Guenter"]
[Result "1/2-1/2"]
[WhiteElo "1597"]
[BlackElo "2009"]
[PlyCount "45"]
[EventDate "2016.10.08"]
[EventType "swiss"]
[EventRounds "9"]
[EventCountry "ESP"]
[SourceTitle "Ajedrez en Madrid"]
[Source "lmi"]
[SourceDate "2016.10.08"]

1. d4 Nf6 2. Nf3 c5 3. e3 g6 4. c4 Bg7 5. Nc3 O-O 6. Be2 d6 7. O-O Nc6 8. b3 e5
9. dxe5 dxe5 10. Bb2 e4 11. Nd2 Qe7 12. Qc2 Nb4 13. Qb1 Rd8 14. Rd1 Bf5 15. a3
Nd3 16. Bxd3 Rxd3 17. Nf1 Rad8 18. Rxd3 Rxd3 19. Qc2 Qd6 20. Rd1 Bg4 21. Rd2
Bf5 22. Rxd3 exd3 23. Qd1 1/2-1/2

[Event "Festival de Calviá 2016 - Aficionados"]
[Site "Calvia ESP"]
[Date "2016.10.15"]
[Round "8.40"]
[White "Navarrete Terrasa, Antonio"]
[Black "Gaya Torrens, Miguel"]
[Result "1-0"]
[WhiteElo "1883"]
[BlackElo "1689"]
[PlyCount "49"]
[EventDate "2016.10.08"]
[EventType "swiss"]
[EventRounds "9"]
[EventCountry "ESP"]
[SourceTitle "Ajedrez en Madrid"]
[Source "lmi"]
[SourceDate "2016.10.08"]

1. e4 c5 2. Nf3 d6 3. d4 cxd4 4. Nxd4 Nf6 5. Nc3 a6 6. Be2 Bd7 7. O-O Nc6 8.
Nb3 g6 9. Bg5 Bg7 10. Re1 O-O 11. Bf1 Ne5 12. Nd5 Nxd5 13. exd5 Rc8 14. c3 h6
15. Be3 Ng4 16. Bd4 e5 17. dxe6 Qh4 18. h3 fxe6 19. Qxg4 Rf4 20. Qxh4 Rxh4 21.
g3 Rh5 22. g4 Rg5 23. f4 Rd5 24. Bxg7 Kxg7 25. c4 1-0

[Event "Festival de Calviá 2016 - Aficionados"]
[Site "Calvia ESP"]
[Date "2016.10.15"]
[Round "8.42"]
[White "Baatz, Karl-Heinz"]
[Black "Vicens Company, Francesc"]
[Result "0-1"]
[WhiteElo "1843"]
[BlackElo "1584"]
[PlyCount "58"]
[EventDate "2016.10.08"]
[EventType "swiss"]
[EventRounds "9"]
[EventCountry "ESP"]
[SourceTitle "Ajedrez en Madrid"]
[Source "lmi"]
[SourceDate "2016.10.08"]

1. e4 e6 2. d4 d5 3. Nc3 dxe4 4. Nxe4 Nf6 5. Bd3 Be7 6. Nf3 O-O 7. O-O Nbd7 8.
c3 Nxe4 9. Bxe4 Nf6 10. Bc2 c5 11. Qd3 cxd4 12. cxd4 b6 13. Bg5 g6 14. a3 a5
15. Rfe1 Bb7 16. Rad1 Rc8 17. Ne5 Nd7 18. Bh6 Nxe5 19. dxe5 Qxd3 20. Bxd3 Rfd8
21. Be3 Bc5 22. Bxc5 Rxc5 23. f4 Rd4 24. g3 Rcd5 25. Bc2 Rd2 26. Rxd2 Rxd2 27.
Be4 Bxe4 28. Rxe4 Rxb2 29. a4 Rb4 0-1

[Event "Festival de Calviá 2016 - Aficionados"]
[Site "Calvia ESP"]
[Date "2016.10.15"]
[Round "8.46"]
[White "Terradas Calafell, Jaume"]
[Black "Jaumandreu Llopis, Antonio"]
[Result "1-0"]
[WhiteElo "1788"]
[BlackElo "1497"]
[PlyCount "55"]
[EventDate "2016.10.08"]
[EventType "swiss"]
[EventRounds "9"]
[EventCountry "ESP"]
[SourceTitle "Ajedrez en Madrid"]
[Source "lmi"]
[SourceDate "2016.10.08"]

1. e4 c5 2. Nf3 Nc6 3. d4 cxd4 4. Nxd4 Nf6 5. Nc3 e5 6. Ndb5 d6 7. Bg5 a6 8.
Na3 Be7 9. Bxf6 Bxf6 10. Nc4 Be7 11. Nd5 O-O 12. Nxe7+ Qxe7 13. Qxd6 Qg5 14.
Ne3 Rd8 15. Qc5 Be6 16. Bd3 Rac8 17. Qb6 Qe7 18. a3 Nd4 19. O-O Rc6 20. Qa5 b6
21. Qxe5 Rc5 22. Nd5 Rcxd5 23. exd5 Rxd5 24. Qb8+ Rd8 25. Qg3 Bf5 26. Rfe1 Qf6
27. Bxf5 Qxf5 28. Qe5 1-0

[Event "Festival de Calviá 2016 - Aficionados"]
[Site "Calvia ESP"]
[Date "2016.10.15"]
[Round "8.48"]
[White "Carranza Pons, Ricardo Nelson"]
[Black "Steinschuld, Jo"]
[Result "1-0"]
[WhiteElo "1737"]
[BlackElo "1605"]
[PlyCount "33"]
[EventDate "2016.10.08"]
[EventType "swiss"]
[EventRounds "9"]
[EventCountry "ESP"]
[SourceTitle "Ajedrez en Madrid"]
[Source "lmi"]
[SourceDate "2016.10.08"]

1. e4 e5 2. Nf3 Nc6 3. Bc4 Bc5 4. b4 Bxb4 5. c3 Be7 6. d4 d6 7. dxe5 Na5 8.
Bxf7+ Kxf7 9. Qd5+ Ke8 10. Qxa5 b6 11. Qd5 Ba6 12. Qc6+ Kf8 13. Nd4 Kf7 14.
Qd5+ Ke8 15. Nf5 g6 16. Ng7+ Kd7 17. e6+ 1-0

[Event "Festival de Calviá 2016 - Aficionados"]
[Site "Calvia ESP"]
[Date "2016.10.15"]
[Round "8.50"]
[White "Labarthe, Francois"]
[Black "Cassidy, Sydney"]
[Result "1-0"]
[WhiteElo "1645"]
[BlackElo "1583"]
[PlyCount "54"]
[EventDate "2016.10.08"]
[EventType "swiss"]
[EventRounds "9"]
[EventCountry "ESP"]
[SourceTitle "Ajedrez en Madrid"]
[Source "lmi"]
[SourceDate "2016.10.08"]

1. b3 Nf6 2. Bb2 d6 3. e3 e5 4. d4 exd4 5. Qxd4 Nc6 6. Bb5 Bd7 7. Bxc6 Bxc6 8.
Nf3 Be7 9. O-O Bxf3 10. gxf3 Qd7 11. Kh1 Qh3 12. Nd2 c6 13. Rg1 Nh5 14. Qg4
Qxg4 15. fxg4 Bf6 16. c3 Bxc3 17. Bxc3 Nf6 18. Bxf6 gxf6 19. Ne4 Ke7 20. Ng3
Rhg8 21. Nf5+ Ke6 22. Rad1 Rad8 23. e4 c5 24. f3 Rd7 25. Kg2 Rc8 26. Rc1 b5 27.
Rgd1 Rc6 1-0

[Event "Festival de Calviá 2016 - Aficionados"]
[Site "Calvia ESP"]
[Date "2016.10.15"]
[Round "8.54"]
[White "Febrero Perez, Lluis"]
[Black "Vicens Pons, Antoni"]
[Result "1-0"]
[WhiteElo "1586"]
[BlackElo "1380"]
[PlyCount "64"]
[EventDate "2016.10.08"]
[EventType "swiss"]
[EventRounds "9"]
[EventCountry "ESP"]
[SourceTitle "Ajedrez en Madrid"]
[Source "lmi"]
[SourceDate "2016.10.08"]

1. e4 e5 2. Nf3 Nc6 3. d4 Nf6 4. d5 Nd4 5. Nxd4 exd4 6. Qxd4 d6 7. Bf4 Be7 8.
Bb5+ Bd7 9. Bxd7+ Qxd7 10. c4 O-O 11. O-O Ng4 12. Be3 Bf6 13. Qd2 Qa4 14. b3
Qd7 15. Nc3 Be5 16. f4 Bf6 17. Rf3 Bxc3 18. Qxc3 Rae8 19. Rh3 Nf6 20. e5 Ng4
21. Bd4 Qf5 22. Rf1 b6 23. Rg3 h5 24. h3 f6 25. hxg4 hxg4 26. exf6 gxf6 27.
Bxf6 Kf7 28. Bg5 Re4 29. Rxg4 Rfe8 30. Qh3 Re1 31. Qh5+ Qg6 32. Qxg6+ Kxg6 1-0

[Event "Festival de Calviá 2016 - Aficionados"]
[Site "Calvia ESP"]
[Date "2016.10.15"]
[Round "8.57"]
[White "Courthaudon, Philippe"]
[Black "Mateu Moya, Pedro"]
[Result "0-1"]
[WhiteElo "1515"]
[BlackElo "1627"]
[PlyCount "90"]
[EventDate "2016.10.08"]
[EventType "swiss"]
[EventRounds "9"]
[EventCountry "ESP"]
[SourceTitle "Ajedrez en Madrid"]
[Source "lmi"]
[SourceDate "2016.10.08"]

1. g3 e5 2. Bg2 d5 3. d3 Be6 4. e3 Nc6 5. Ne2 Qd7 6. h3 Bb4+ 7. Nd2 f5 8. b3
Nf6 9. Bb2 O-O 10. a3 Bd6 11. f4 e4 12. O-O Bc5 13. d4 Be7 14. b4 Nd8 15. Nb3
b6 16. Qd2 Nb7 17. a4 a5 18. b5 Rfc8 19. Ba3 Nd6 20. Qc1 Qe8 21. Nd2 Qg6 22.
Rd1 Nh5 23. Kf2 c6 24. bxc6 Rxc6 25. Qb1 Rac8 26. Rc1 Bd8 27. Ra2 Nc4 28. Nf1
Nf6 29. Qb3 h5 30. Kg1 h4 31. Kh2 Qh5 32. c3 hxg3+ 33. Kg1 Qg6 34. Rac2 Nh5 35.
Re1 Bh4 36. Nc1 Qf6 37. Na2 g5 38. Nd2 gxf4 39. exf4 Nxf4 40. Nxc4 dxc4 41. Qb5
Nxg2 42. Kxg2 Qd8 43. Rd2 Qd5 44. Qxd5 Bxd5 45. Rf1 e3+ 0-1

[Event "Festival de Calviá 2016 - Aficionados"]
[Site "Calvia ESP"]
[Date "2016.10.16"]
[Round "9.1"]
[White "Ballesteros Gonzalez, David"]
[Black "Ustianovich, Nazar"]
[Result "0-1"]
[WhiteElo "2167"]
[BlackElo "2316"]
[PlyCount "57"]
[EventDate "2016.10.08"]
[EventType "swiss"]
[EventRounds "9"]
[EventCountry "ESP"]
[SourceTitle "Ajedrez en Madrid"]
[Source "lmi"]
[SourceDate "2016.10.08"]

1. d4 Nf6 2. Nf3 b6 3. g3 Bb7 4. Bg2 e6 5. O-O c5 6. c4 cxd4 7. Nxd4 Bxg2 8.
Kxg2 Qc7 9. b3 Be7 10. Nc3 a6 11. e4 O-O 12. Qe2 d6 13. Bb2 Nc6 14. Nxc6 Qxc6
15. Kg1 Rab8 16. Rfe1 Rfc8 17. Rac1 Nd7 18. f4 Bf8 19. Nb1 Qb7 20. Nd2 b5 21.
cxb5 axb5 22. b4 Qa7+ 23. Kg2 Qxa2 24. Nf3 Nb6 25. Nd4 Nc4 26. Rc2 Qa4 27. Bc3
Qa6 28. Ra1 Qb7 29. Rca2 0-1

[Event "Festival de Calviá 2016 - Aficionados"]
[Site "Calvia ESP"]
[Date "2016.10.16"]
[Round "9.2"]
[White "Kolotilina, Liudmila"]
[Black "Hristodorescu, Daniel"]
[Result "0-1"]
[WhiteElo "2143"]
[BlackElo "2229"]
[PlyCount "82"]
[EventDate "2016.10.08"]
[EventType "swiss"]
[EventRounds "9"]
[EventCountry "ESP"]
[SourceTitle "Ajedrez en Madrid"]
[Source "lmi"]
[SourceDate "2016.10.08"]

1. e4 e5 2. Nf3 Nc6 3. d4 exd4 4. Nxd4 Bc5 5. Nb3 Bb6 6. Nc3 d6 7. Qe2 Nf6 8.
Be3 O-O 9. O-O-O Re8 10. f3 Be6 11. Kb1 Qe7 12. Qf2 Ne5 13. h3 Bxe3 14. Qxe3 a6
15. Nd4 c5 16. Nxe6 Qxe6 17. g4 b5 18. g5 b4 19. Ne2 Nh5 20. Bg2 Nc4 21. Qc1
Rab8 22. Ka1 Rb5 23. h4 Ne5 24. Rd5 g6 25. Nf4 Nxf4 26. Qxf4 c4 27. Bh3 Qe7 28.
Rhd1 Rxd5 29. Rxd5 c3 30. b3 Qa7 31. Qc1 Nxf3 32. Rxd6 Rxe4 33. h5 gxh5 34. a3
Re1 35. Rd1 Rxd1 36. Qxd1 Qg1 37. Qxg1 Nxg1 38. Bg2 a5 39. axb4 axb4 40. Kb1 h4
41. Kc1 h3 0-1

[Event "Festival de Calviá 2016 - Aficionados"]
[Site "Calvia ESP"]
[Date "2016.10.16"]
[Round "9.3"]
[White "Voiteanu, Gabriel"]
[Black "Viskelis, Darius"]
[Result "0-1"]
[WhiteElo "2207"]
[BlackElo "2305"]
[PlyCount "78"]
[EventDate "2016.10.08"]
[EventType "swiss"]
[EventRounds "9"]
[EventCountry "ESP"]
[SourceTitle "Ajedrez en Madrid"]
[Source "lmi"]
[SourceDate "2016.10.08"]

1. d4 Nf6 2. c4 e6 3. Nf3 Bb4+ 4. Bd2 Bxd2+ 5. Nbxd2 d5 6. g3 c5 7. dxc5 Na6 8.
cxd5 Qxd5 9. Nb3 Qxd1+ 10. Rxd1 Bd7 11. Bg2 Rc8 12. Ne5 Rc7 13. Bxb7 Rxb7 14.
c6 Rxb3 15. cxd7+ Nxd7 16. Rxd7 Rxb2 17. Rxa7 O-O 18. O-O Rxa2 19. Nd7 Rc8 20.
Rd1 Nb4 21. Nb6 Rf8 22. Rb7 Nc6 23. Nd7 Rfa8 24. Rc7 Nb4 25. Rb7 Nd5 26. e3 g5
27. Ne5 R8a7 28. Rxa7 Rxa7 29. h4 gxh4 30. gxh4 Ra4 31. Nf3 Kg7 32. Rd4 Ra2 33.
Rg4+ Kf6 34. e4 Nc3 35. e5+ Kf5 36. Rg7 Ne2+ 37. Kh2 Nf4 38. Rg5+ Ke4 39. Rg3
Rxf2+ 0-1

[Event "Festival de Calviá 2016 - Aficionados"]
[Site "Calvia ESP"]
[Date "2016.10.16"]
[Round "9.4"]
[White "Galiana Salom, Juan Ramon"]
[Black "Lacrosse, Marc"]
[Result "1/2-1/2"]
[WhiteElo "2262"]
[BlackElo "2247"]
[PlyCount "80"]
[EventDate "2016.10.08"]
[EventType "swiss"]
[EventRounds "9"]
[EventCountry "ESP"]
[SourceTitle "Ajedrez en Madrid"]
[Source "lmi"]
[SourceDate "2016.10.08"]

1. e4 e5 2. Nf3 Nc6 3. Bb5 a6 4. Ba4 Nf6 5. Qe2 b5 6. Bb3 Bc5 7. d3 h6 8. Nbd2
O-O 9. O-O Re8 10. c3 d6 11. a4 Rb8 12. Kh1 Be6 13. axb5 axb5 14. Bc2 d5 15.
exd5 Bxd5 16. b4 Bb6 17. Ne1 Qd7 18. Ne4 Nxe4 19. dxe4 Bc4 20. Bd3 Bxd3 21.
Nxd3 Rbd8 22. Nb2 Ne7 23. Be3 Bxe3 24. Qxe3 Qd2 25. Nd1 Qxe3 26. Nxe3 Rd3 27.
Rfc1 Red8 28. g3 Rd2 29. Kg2 c6 30. Ra6 h5 31. h4 g6 32. Ra7 R2d7 33. Ra5 f6
34. Kf3 Rd3 35. Rc2 Kf7 36. Ke2 Ke6 37. Ra6 Kf7 38. f3 R3d7 39. Rca2 Rd3 40.
Rc2 R8d7 1/2-1/2

[Event "Festival de Calviá 2016 - Aficionados"]
[Site "Calvia ESP"]
[Date "2016.10.16"]
[Round "9.5"]
[White "Ponce Cano, Adrian"]
[Black "Gavrish, Leonid"]
[Result "1/2-1/2"]
[WhiteElo "2121"]
[BlackElo "2158"]
[PlyCount "109"]
[EventDate "2016.10.08"]
[EventType "swiss"]
[EventRounds "9"]
[EventCountry "ESP"]
[SourceTitle "Ajedrez en Madrid"]
[Source "lmi"]
[SourceDate "2016.10.08"]

1. e4 d6 2. d4 Nf6 3. Nc3 g6 4. Bg5 h6 5. Be3 Ng4 6. Bc1 Bg7 7. h3 Nf6 8. Be3
O-O 9. Qd2 Kh7 10. g4 d5 11. f3 dxe4 12. fxe4 e5 13. d5 c6 14. g5 Nh5 15. O-O-O
hxg5 16. Bxg5 f6 17. Be3 cxd5 18. exd5 Ng3 19. Rh2 Nf5 20. Kb1 Nxe3 21. Qxe3
Bh6 22. Qf2 Bf5 23. Nge2 Qb6 24. Qg2 Nd7 25. h4 Rg8 26. h5 gxh5 27. Ng3 Bg4 28.
Bd3+ Kh8 29. Rdh1 f5 30. Bxf5 Bxf5 31. Rxh5 Rg6 32. Qd2 Kg8 33. Rxh6 Rxh6 34.
Qxh6 Qxh6 35. Rxh6 Rf8 36. Nxf5 Rxf5 37. Kc1 Nf6 38. Rh4 Rf1+ 39. Kd2 Rf2+ 40.
Kd3 Rg2 41. a4 Rg3+ 42. Kc4 Rg2 43. Ne4 Nxe4 44. Rxe4 Rxc2+ 45. Kb3 Rc5 46.
Rxe5 Kf7 47. Kb4 b6 48. b3 Kf6 49. Re6+ Kf5 50. Rh6 a5+ 51. Ka3 Rxd5 52. Rxb6
Ke5 53. Rb5 Kd6 54. Rb6+ Kc7 55. Rh6 1/2-1/2